000 00943nam a22002297a 4500
003 OSt
005 20251027051332.0
008 251027b |||||||| |||| 00| 0 eng d
020 _a978-971-06-6058-2
040 _aDWCL - Main Lib
_cOC
082 _25th
_aRes. 500 M828e 2024
100 _aMorales-Ramos, Anna Cherylle [and 7 others]
245 _aExploring life through science 7 /
_cAnna Cherylle Morales-Ramos [and 7 others]
250 _a5th
260 _aQuezon Avenue, Quezon City, Philippines :
_bPhoenix Publishing House Inc.,
_cc2024.
300 _axi , 286 pages :
_bcolored illustrations :
_c28 cm.
650 _a1. Earth and Space
650 _a2. Life Sciences
650 _a3. Matter
710 _aI. Aristea V. Bayquen II. Jacob Noel M. Inguito III. Angelina A. Silverio IV. Angelito A. Silverio V. Josefina Ma. Ferriols-Pavico VI. Kerwin Paul J. Gonzales VII. John Donnie A. Ramos
942 _2ddc
_cBK-0 CIRC
_e5th
_mRes.
_n0
999 _c5164
_d5164